[Event "8. Open Sub-20 contra la Droga"]
[Site "Logroño ESP"]
[Date "2007.08.14"]
[Round "1.1"]
[White "Cruz Sanchez, Cristian"]
[Black "Lopez Gil, Diego"]
[Result "1-0"]
[WhiteElo "2451"]
[BlackElo "1700"]
[PlyCount "65"]
[EventDate "2007.08.14"]
[EventType "swiss"]
[EventRounds "8"]
[EventCountry "ESP"]
[Source "lmi"]
[SourceDate "2007.08.14"]

1. d4 Nf6 2. c4 g6 3. g3 Bg7 4. Bg2 O-O 5. Nc3 d6 6. Nf3 Na6 7. O-O c5 8. h3 h6
9. Re1 Rb8 10. e4 Nd7 11. Be3 Kh7 12. Qe2 Re8 13. Rad1 b6 14. Nb5 Ra8 15. e5
Nc7 16. dxc5 Nxb5 17. cxb5 Rb8 18. cxd6 Nxe5 19. Nxe5 Bxe5 20. Bxb6 Qxb6 21.
Qxe5 Bd7 22. dxe7 Qxb5 23. Rd5 Qa4 24. Qf6 Be6 25. Rxe6 fxe6 26. Qf7+ Kh8 27.
Qxg6 Rxe7 28. Qxh6+ Rh7 29. Qf6+ Rg7 30. Rh5+ Kg8 31. Qxe6+ Rf7 32. Rg5+ Kf8
33. Qd6+ 1-0

[Event "8. Open Sub-20 contra la Droga"]
[Site "Logroño ESP"]
[Date "2007.08.15"]
[Round "2.1"]
[White "Jimenez Fernandez, Alejandro"]
[Black "Cruz Sanchez, Cristian"]
[Result "0-1"]
[WhiteElo "1951"]
[BlackElo "2451"]
[PlyCount "60"]
[EventDate "2007.08.14"]
[EventType "swiss"]
[EventRounds "8"]
[EventCountry "ESP"]
[Source "lmi"]
[SourceDate "2007.08.14"]

1. d4 Nf6 2. c4 e6 3. Nf3 Bb4+ 4. Nbd2 O-O 5. a3 Bxd2+ 6. Bxd2 Ne4 7. e3 b6 8.
Bd3 Bb7 9. O-O d6 10. Rc1 Nd7 11. Qc2 f5 12. d5 Ndc5 13. dxe6 Nxd2 14. Qxd2
Bxf3 15. gxf3 Nb3 16. Qc2 Nxc1 17. Rxc1 Qg5+ 18. Kh1 Qh5 19. Be2 f4 20. Qe4
Rae8 21. Rg1 Rf6 22. Qd5 Qe5 23. e4 Qxb2 24. e7+ Rf7 25. Qd3 Rfxe7 26. Rb1 Qf6
27. Rg1 Re5 28. Qc3 Rg5 29. Qxf6 Rxg1+ 30. Kxg1 gxf6 0-1

[Event "8. Open Sub-20 contra la Droga"]
[Site "Logroño ESP"]
[Date "2007.08.15"]
[Round "2.2"]
[White "Lariño Nieto, David"]
[Black "Anaya Lopez, Victor"]
[Result "1-0"]
[WhiteElo "2435"]
[BlackElo "1959"]
[PlyCount "99"]
[EventDate "2007.08.14"]
[EventType "swiss"]
[EventRounds "8"]
[EventCountry "ESP"]
[Source "lmi"]
[SourceDate "2007.08.14"]

1. e4 c5 2. d3 Nc6 3. g3 g6 4. Bg2 Bg7 5. Nc3 d6 6. f4 e6 7. Nf3 Nge7 8. O-O
O-O 9. Be3 Nd4 10. Bf2 Rb8 11. Nxd4 cxd4 12. Ne2 Nc6 13. c3 dxc3 14. bxc3 d5
15. e5 Qa5 16. Qb3 Bd7 17. c4 dxc4 18. dxc4 Rfc8 19. Rfd1 Nxe5 20. fxe5 Ba4 21.
Qa3 Bf8 22. c5 Bxc5 23. Bxc5 Qxc5+ 24. Qxc5 Rxc5 25. Rdc1 Rxe5 26. Nc3 Bc6 27.
Bxc6 bxc6 28. Rc2 Rb4 29. Rac1 h5 30. Nd1 h4 31. Rxc6 hxg3 32. hxg3 Re1+ 33.
Kf2 Rbe4 34. R6c2 Rh1 35. Ne3 Rh5 36. Rc4 Ree5 37. a4 Rh2+ 38. Ng2 Rd5 39. R1c2
g5 40. Rc5 Rh6 41. Rxd5 exd5 42. Rc5 Rd6 43. Ke3 Re6+ 44. Kf3 Re4 45. Ra5 g4+
46. Kf2 d4 47. Nf4 Re3 48. Rd5 Re4 49. a5 Kg7 50. Rd7 1-0

[Event "8. Open Sub-20 contra la Droga"]
[Site "Logroño ESP"]
[Date "2007.08.15"]
[Round "2.3"]
[White "Morgaenko, Ekaterina"]
[Black "Khamrakulov, Dzhurabek"]
[Result "0-1"]
[WhiteElo "1917"]
[BlackElo "2322"]
[PlyCount "90"]
[EventDate "2007.08.14"]
[EventType "swiss"]
[EventRounds "8"]
[EventCountry "ESP"]
[Source "lmi"]
[SourceDate "2007.08.14"]

1. e4 c6 2. d4 d5 3. Nc3 dxe4 4. Nxe4 Bf5 5. Ng3 Bg6 6. Nf3 Nd7 7. h4 h6 8. h5
Bh7 9. Bd3 Bxd3 10. Qxd3 e6 11. Bf4 Qa5+ 12. Bd2 Qc7 13. O-O-O O-O-O 14. c4
Ngf6 15. Kb1 c5 16. Bc3 cxd4 17. Bxd4 Bc5 18. Bxc5 Qxc5 19. Qe2 Rhe8 20. Nd2
Qe5 21. Qf3 Nc5 22. Rhe1 Qg5 23. Qc3 Rd3 24. Qc2 Qf4 25. Nf3 Rxd1+ 26. Rxd1 e5
27. Nf5 Nfe4 28. Ne3 Ng5 29. Qf5+ Kb8 30. Nxg5 hxg5 31. Qc2 Rc8 32. g3 Qf3 33.
g4 e4 34. Rd5 Nd3 35. b3 Nb4 36. Rf5 Nxc2 37. Rxf3 Na3+ 38. Kb2 Nxc4+ 39. Nxc4
exf3 40. Ne5 Re8 41. Nxf3 Re2+ 42. Kb1 f6 43. Nd4 Rxf2 44. Nf5 Rxf5 45. gxf5 g4
0-1

[Event "8. Open Sub-20 contra la Droga"]
[Site "Logroño ESP"]
[Date "2007.08.15"]
[Round "2.4"]
[White "Peñalosa Pinilla, Jesus"]
[Black "Diaz Herrero, Alvaro"]
[Result "1/2-1/2"]
[WhiteElo "2207"]
[BlackElo "1951"]
[PlyCount "106"]
[EventDate "2007.08.14"]
[EventType "swiss"]
[EventRounds "8"]
[EventCountry "ESP"]
[Source "lmi"]
[SourceDate "2007.08.14"]

1. e4 c5 2. Nf3 d6 3. d4 cxd4 4. Nxd4 Nf6 5. Nc3 g6 6. Be2 Bg7 7. O-O Nc6 8.
Nb3 O-O 9. Re1 Be6 10. Bf1 d5 11. Nc5 d4 12. Nb5 Qb6 13. Nxe6 fxe6 14. c3 dxc3
15. Be3 Qa5 16. Nxc3 Ne5 17. h3 Qb4 18. Qb3 Qxb3 19. axb3 a6 20. f4 Nc6 21. Bc4
Kh8 22. e5 Nh5 23. Rf1 Bh6 24. Ne2 Ng7 25. Bb6 g5 26. g3 gxf4 27. gxf4 Nh5 28.
Be3 Nb4 29. Rad1 Ng7 30. Bb6 Nh5 31. Rd4 Nd5 32. Bxd5 exd5 33. Rxd5 Nxf4 34.
Nxf4 Rxf4 35. Rxf4 Bxf4 36. e6 Bd6 37. Rg5 h5 38. Bd4+ Kh7 39. Rxh5+ Kg6 40.
Rd5 Rc8 41. Bc3 Rf8 42. Kg2 Rf4 43. Rd4 Rf8 44. Rg4+ Kf5 45. Kf3 Kxe6+ 46. Ke4
Rf2 47. Rg6+ Kf7 48. Rg7+ Kf8 49. Rh7 Ke8 50. h4 b5 51. h5 Rf4+ 52. Kd3 Rh4 53.
Rh8+ Kf7 1/2-1/2

[Event "8. Open Sub-20 contra la Droga"]
[Site "Logroño ESP"]
[Date "2007.08.15"]
[Round "2.5"]
[White "Hajiyev, Araz"]
[Black "Alarcia Astiz, Carlos"]
[Result "0-1"]
[WhiteElo "1851"]
[BlackElo "2173"]
[PlyCount "138"]
[EventDate "2007.08.14"]
[EventType "swiss"]
[EventRounds "8"]
[EventCountry "ESP"]
[Source "lmi"]
[SourceDate "2007.08.14"]

1. d4 Nf6 2. c4 e6 3. Nc3 d5 4. cxd5 exd5 5. Bg5 c6 6. Qc2 Na6 7. a3 Nc7 8. e3
Ne6 9. Bh4 Be7 10. Bd3 g6 11. Nf3 O-O 12. O-O Ng7 13. b4 a6 14. Rfb1 Bf5 15. a4
Bxd3 16. Qxd3 Nf5 17. Bxf6 Bxf6 18. b5 axb5 19. axb5 Nd6 20. bxc6 bxc6 21. Ra6
Rxa6 22. Qxa6 Qc8 23. Rb6 Qxa6 24. Rxa6 Rc8 25. Nd2 Be7 26. Kf1 Kf8 27. Ke2 Ke8
28. Kd3 Rc7 29. f3 f5 30. Na4 Nb7 31. Nb3 Bd6 32. h3 Kf7 33. Nb6 Ke6 34. Ra7
Kf6 35. Na8 Nc5+ 36. dxc5 Rxa7 37. cxd6 Rxa8 38. Nc5 Ke5 39. d7 Kd6 40. Kd4 Rb8
41. g4 Rb4+ 42. Kc3 Rc4+ 43. Kd3 Ke7 44. Ne6 Kxd7 45. Nf8+ Ke7 46. Nxh7 fxg4
47. hxg4 Ra4 48. Ng5 c5 49. Nh3 Ra3+ 50. Kd2 Kf6 51. Nf4 d4 52. exd4 Rxf3 53.
Nd5+ Ke6 54. Nc7+ Kd7 55. Nb5 cxd4 56. Nxd4 Rf4 57. Ke3 Rxg4 58. Nf3 Ke6 59.
Nd4+ Rxd4 60. Kxd4 Kf5 61. Ke3 Kg4 62. Kf2 Kh3 63. Kg1 Kg3 64. Kf1 Kh2 65. Kf2
g5 66. Kf3 Kh3 67. Kf2 g4 68. Kg1 Kg3 69. Kh1 Kf2 0-1

[Event "8. Open Sub-20 contra la Droga"]
[Site "Logroño ESP"]
[Date "2007.08.15"]
[Round "2.6"]
[White "Idrisov, Tebriz"]
[Black "Santos Latasa, Jaime"]
[Result "1-0"]
[WhiteElo "2149"]
[BlackElo "1913"]
[PlyCount "193"]
[EventDate "2007.08.14"]
[EventType "swiss"]
[EventRounds "8"]
[EventCountry "ESP"]
[Source "lmi"]
[SourceDate "2007.08.14"]

1. d4 Nf6 2. c4 e6 3. Nc3 Bb4 4. Qc2 d5 5. a3 Bxc3+ 6. Qxc3 dxc4 7. Qxc4 b6 8.
Nf3 O-O 9. g3 Ba6 10. Qc2 c5 11. dxc5 bxc5 12. Bg2 Nbd7 13. O-O Qb6 14. Rd1
Rab8 15. Rb1 Qb5 16. Bf4 Qxe2 17. Qxe2 Bxe2 18. Bxb8 Bxd1 19. Bxa7 Bxf3 20.
Bxf3 Rc8 21. b4 Rc7 22. Bxc5 Nxc5 23. bxc5 Kf8 24. Rb5 Ke7 25. a4 e5 26. Bb7
Nd7 27. c6 Nb8 28. Rxe5+ Kd6 29. Rh5 h6 30. a5 Nxc6 31. a6 Na7 32. Rd5+ Ke7 33.
Rd2 Rc1+ 34. Kg2 Ra1 35. Rd5 Ke6 36. Rd8 Nb5 37. Rg8 g6 38. Rh8 h5 39. Rb8 Nc7
40. Bc8+ Ke7 41. h4 Ra2 42. Rb6 Kd8 43. Bb7 Ra5 44. f3 Ne6 45. g4 Kc7 46. Rc6+
Kb8 47. Kg3 hxg4 48. fxg4 Ra3+ 49. Kf2 Ra2+ 50. Ke3 Ra4 51. Rc8+ Ka7 52. Kf3
Ra3+ 53. Kg2 Ra2+ 54. Kg3 Ra3+ 55. Bf3 Rd3 56. Kf2 Rd2+ 57. Ke3 Rh2 58. Ra8+
Kb6 59. h5 gxh5 60. gxh5 Ng7 61. Rh8 Kxa6 62. Rh7 Nxh5 63. Bxh5 Kb6 64. Kf4 Kc5
65. Kg4 Rh1 66. Rxf7 Rg1+ 67. Kh4 Kd5 68. Bg4 Kd6 69. Kg5 Ke5 70. Re7+ Kd6 71.
Re2 Kd5 72. Kf4 Rf1+ 73. Bf3+ Kd6 74. Ke4 Ke6 75. Bg2 Ra1 76. Kf4+ Kf6 77. Rb2
Re1 78. Rb6+ Re6 79. Rb8 Re2 80. Bf3 Rf2 81. Rb6+ Kf7 82. Ke4 Rf1 83. Bh5+ Ke7
84. Ke5 Re1+ 85. Kd5 Re3 86. Kd4 Rh3 87. Bg6 Rg3 88. Ke5 Re3+ 89. Be4 Re1 90.
Rb7+ Kd8 91. Kd6 Kc8 92. Rc7+ Kb8 93. Re7 Re2 94. Re8+ Ka7 95. Kc7 Ka6 96. Bd3+
Ka7 97. Rxe2 1-0

[Event "8. Open Sub-20 contra la Droga"]
[Site "Logroño ESP"]
[Date "2007.08.15"]
[Round "2.7"]
[White "Shabanov, Nurlan"]
[Black "Forcen Esteban, Daniel"]
[Result "1-0"]
[WhiteElo "1793"]
[BlackElo "2134"]
[PlyCount "111"]
[EventDate "2007.08.14"]
[EventType "swiss"]
[EventRounds "8"]
[EventCountry "ESP"]
[Source "lmi"]
[SourceDate "2007.08.14"]

1. d4 Nf6 2. c4 g6 3. f3 Bg7 4. e4 d6 5. Nc3 O-O 6. Be3 Nbd7 7. Bd3 e5 8. d5
Nc5 9. Bc2 a5 10. Nge2 Nh5 11. O-O f5 12. a3 f4 13. Bf2 g5 14. b4 Nd7 15. c5
Nhf6 16. Bb3 Kh8 17. Rc1 h5 18. cxd6 cxd6 19. Nb5 Ne8 20. Qd2 Ndf6 21. bxa5 Bd7
22. Bb6 Qe7 23. Nc7 Rc8 24. Nxe8 Rfxe8 25. Rxc8 Rxc8 26. Rc1 g4 27. Rxc8+ Bxc8
28. Qc3 Qf8 29. Qc7 gxf3 30. gxf3 Bh6 31. Qd8 Nd7 32. Qxf8+ Bxf8 33. Nc3 Be7
34. Nb5 Nxb6 35. axb6 Bd7 36. Nc7 Bd8 37. Kg2 Kg8 38. a4 h4 39. h3 Kf7 40. a5
Bxc7 41. bxc7 Bc8 42. Ba4 Ke7 43. Bb5 Kf8 44. Kf2 Kf7 45. Ke1 Kf8 46. Kd2 Kf7
47. Kc3 Kf8 48. Kb4 Ke7 49. a6 bxa6 50. Bc6 Kf8 51. Ka5 Kf7 52. Kb6 Ke7 53. Bb7
Kd7 54. Bxc8+ Kxc8 55. Kxa6 Kxc7 56. Ka7 1-0

[Event "8. Open Sub-20 contra la Droga"]
[Site "Logroño ESP"]
[Date "2007.08.15"]
[Round "2.8"]
[White "Accattato Martin, Mario"]
[Black "Vega Sanchez, Tania"]
[Result "1-0"]
[WhiteElo "2129"]
[BlackElo "1830"]
[PlyCount "89"]
[EventDate "2007.08.14"]
[EventType "swiss"]
[EventRounds "8"]
[EventCountry "ESP"]
[Source "lmi"]
[SourceDate "2007.08.14"]

1. e4 e5 2. Nf3 Nf6 3. Nc3 Bb4 4. Bc4 d6 5. a3 Bc5 6. d4 exd4 7. Nxd4 h6 8. f3
Bd7 9. Be3 Bb6 10. Qd2 Nc6 11. O-O-O Ne5 12. Bb3 Qe7 13. f4 Nc6 14. Nxc6 Bxc6
15. Bxb6 axb6 16. e5 dxe5 17. fxe5 Nd7 18. Nd5 Bxd5 19. Qxd5 O-O-O 20. Rhe1
Rhf8 21. e6 fxe6 22. Qxe6 Qxe6 23. Bxe6 c6 24. Bh3 Rf7 25. Re6 Rdf8 26. Rg6 Rd8
27. Rgd6 Kc7 28. R1d4 Kc8 29. Kd2 Kc7 30. a4 Kc8 31. Ke3 Re8+ 32. Kd3 Rd8 33.
Rxd7 Rfxd7 34. Rxd7 Rxd7+ 35. Ke4 Kd8 36. Bxd7 Kxd7 37. Kf5 Ke7 38. Kg6 Kf8 39.
g4 Kg8 40. h4 Kf8 41. Kh7 Kf7 42. g5 h5 43. b3 b5 44. axb5 cxb5 45. b4 1-0

[Event "8. Open Sub-20 contra la Droga"]
[Site "Logroño ESP"]
[Date "2007.08.15"]
[Round "2.9"]
[White "Anaya Lopez, Gonzalo"]
[Black "Talishzada, Orhan"]
[Result "1/2-1/2"]
[WhiteElo "1724"]
[BlackElo "2114"]
[PlyCount "120"]
[EventDate "2007.08.14"]
[EventType "swiss"]
[EventRounds "8"]
[EventCountry "ESP"]
[Source "lmi"]
[SourceDate "2007.08.14"]

1. e4 c5 2. Nc3 Nc6 3. f4 e6 4. d3 Nge7 5. Nf3 g6 6. Be2 Bg7 7. O-O O-O 8. Qe1
a6 9. a4 d5 10. Qh4 dxe4 11. dxe4 Nd4 12. Bd1 Bd7 13. Ne2 Bc6 14. Ng3 Qd7 15.
a5 f5 16. c3 Nxf3+ 17. Bxf3 e5 18. fxe5 Bxe5 19. Bh6 Bg7 20. Bg5 fxe4 21. Bxe7
Rf7 22. Nxe4 Bxe4 23. Bxc5 Bxf3 24. Rxf3 Rxf3 25. gxf3 Qc6 26. Qf2 Rc8 27. Bb4
Bf8 28. Bxf8 Rxf8 29. Kg2 Qb5 30. h4 Re8 31. Re1 Rxe1 32. Qxe1 Qxb2+ 33. Kg3
Kf7 34. Qe5 Qb3 35. Qh8 h5 36. Qe5 Qe6 37. Qxe6+ Kxe6 38. Kf4 Kd5 39. Kg5 b6
40. axb6 Kc6 41. Kxg6 a5 42. f4 a4 43. f5 a3 44. f6 a2 45. f7 a1=Q 46. f8=Q
Kxb6 47. Qf6+ Kc7 48. Qe5+ Kd8 49. Kxh5 Qd1+ 50. Kh6 Qf3 51. h5 Kd7 52. Kh7
Qd3+ 53. Kh8 Qh3 54. Qg7+ Kc6 55. h6 Kb5 56. Qb7+ Ka5 57. Qc7+ Ka6 58. h7 Qh6
59. Qg7 Qe6 60. Qg3 Qf7 1/2-1/2

[Event "8. Open Sub-20 contra la Droga"]
[Site "Logroño ESP"]
[Date "2007.08.15"]
[Round "2.10"]
[White "Rzayev, Bahruz"]
[Black "Salido Polo, Veronica"]
[Result "1-0"]
[WhiteElo "2073"]
[BlackElo "1753"]
[PlyCount "41"]
[EventDate "2007.08.14"]
[EventType "swiss"]
[EventRounds "8"]
[EventCountry "ESP"]
[Source "lmi"]
[SourceDate "2007.08.14"]

1. e4 c5 2. f4 Nc6 3. Nf3 e6 4. Bb5 g6 5. Bxc6 dxc6 6. O-O Bg7 7. Nc3 Ne7 8. d3
O-O 9. e5 Nd5 10. Ne4 b6 11. g4 Qe7 12. g5 b5 13. Qe1 Qc7 14. Qh4 Qb6 15. Nf6+
Nxf6 16. gxf6 c4+ 17. Kh1 Bh8 18. Qh6 cxd3 19. Ng5 Rd8 20. Qxh7+ Kf8 21. Qxf7#
1-0

[Event "8. Open Sub-20 contra la Droga"]
[Site "Logroño ESP"]
[Date "2007.08.15"]
[Round "3.1"]
[White "Cruz Sanchez, Cristian"]
[Black "Rzayev, Bahruz"]
[Result "1-0"]
[WhiteElo "2451"]
[BlackElo "2073"]
[PlyCount "47"]
[EventDate "2007.08.14"]
[EventType "swiss"]
[EventRounds "8"]
[EventCountry "ESP"]
[Source "lmi"]
[SourceDate "2007.08.14"]

1. d4 f5 2. e4 fxe4 3. Nc3 Nf6 4. Bg5 Nc6 5. d5 Ne5 6. Qd4 Nf7 7. h4 c6 8.
O-O-O Qb6 9. Bxf6 gxf6 10. Qxe4 Qxf2 11. Nf3 Bh6+ 12. Kb1 Qe3 13. Qa4 O-O 14.
Re1 Qc5 15. Bd3 e6 16. g4 Bg7 17. Qe4 f5 18. gxf5 exd5 19. Qf4 Nh6 20. Rhg1
Nxf5 21. Qg4 Kh8 22. Bxf5 Bxc3 23. bxc3 Qxc3 24. Re5 1-0

[Event "8. Open Sub-20 contra la Droga"]
[Site "Logroño ESP"]
[Date "2007.08.15"]
[Round "3.2"]
[White "Martinez Perez, Jorge"]
[Black "Lariño Nieto, David"]
[Result "0-1"]
[WhiteElo "2032"]
[BlackElo "2435"]
[PlyCount "67"]
[EventDate "2007.08.14"]
[EventType "swiss"]
[EventRounds "8"]
[EventCountry "ESP"]
[Source "lmi"]
[SourceDate "2007.08.14"]

1. Nf3 d5 2. d4 Nf6 3. Bf4 c5 4. e3 Nc6 5. c3 e6 6. Nbd2 Bd6 7. Ne5 Bxe5 8.
dxe5 Nd7 9. Qg4 g6 10. Bb5 h5 11. Qg3 Qb6 12. c4 a6 13. cxd5 exd5 14. Bxc6 Qxc6
15. O-O h4 16. Qf3 Qe6 17. e4 d4 18. a4 h3 19. Rfc1 Nxe5 20. Bxe5 Qxe5 21. Nc4
Qe6 22. e5 O-O 23. Qxh3 Qxh3 24. gxh3 Bxh3 25. Nb6 Rad8 26. Rxc5 f6 27. Rd1
fxe5 28. Rxe5 Rf4 29. Rg5 Rd6 30. Nc4 Re6 31. Rg3 Bg4 32. Rc1 Rc6 33. a5 d3 34.
Rxd3 0-1

[Event "8. Open Sub-20 contra la Droga"]
[Site "Logroño ESP"]
[Date "2007.08.15"]
[Round "3.3"]
[White "Khamrakulov, Dzhurabek"]
[Black "Sariyev, Riad"]
[Result "1-0"]
[WhiteElo "2322"]
[BlackElo "1964"]
[PlyCount "41"]
[EventDate "2007.08.14"]
[EventType "swiss"]
[EventRounds "8"]
[EventCountry "ESP"]
[Source "lmi"]
[SourceDate "2007.08.14"]

1. e4 c5 2. Nf3 d6 3. d4 cxd4 4. Nxd4 Nf6 5. Nc3 a6 6. Be2 e6 7. a4 Nc6 8. Be3
Be7 9. O-O O-O 10. f4 Qc7 11. Nb3 b6 12. g4 Bb7 13. g5 Nd7 14. f5 exf5 15. Rxf5
Nce5 16. Qd4 Rad8 17. h4 Nc5 18. Nxc5 bxc5 19. Qd2 Rfe8 20. Raf1 g6 21. R5f2
1-0

[Event "8. Open Sub-20 contra la Droga"]
[Site "Logroño ESP"]
[Date "2007.08.15"]
[Round "3.4"]
[White "Romero Lopez, Marta"]
[Black "Idrisov, Tebriz"]
[Result "0-1"]
[WhiteElo "2004"]
[BlackElo "2149"]
[PlyCount "180"]
[EventDate "2007.08.14"]
[EventType "swiss"]
[EventRounds "8"]
[EventCountry "ESP"]
[Source "lmi"]
[SourceDate "2007.08.14"]

1. d4 Nf6 2. Nf3 e6 3. Bf4 c5 4. e3 cxd4 5. exd4 Be7 6. c3 O-O 7. Bd3 b6 8.
Nbd2 Bb7 9. h3 d6 10. O-O Nbd7 11. Qe2 Qc7 12. Ne4 Nxe4 13. Bxe4 Bxe4 14. Qxe4
Nf6 15. Qe2 Rfc8 16. Rfe1 a6 17. a4 Qc6 18. Ng5 Nd5 19. Qh5 Bxg5 20. Qxg5 b5
21. Qg3 Nxf4 22. Qxf4 bxa4 23. d5 Qxd5 24. Red1 Qb3 25. Rxd6 Qxb2 26. Rxa4 Qxc3
27. Raxa6 Rxa6 28. Rxa6 h6 29. Kh2 Qc4 30. Qxc4 Rxc4 31. Kg3 Kh7 32. h4 Kg6 33.
f3 Rd4 34. Rb6 h5 35. Ra6 Rd7 36. Rb6 Kf5 37. Rb5+ e5 38. Rb4 f6 39. Ra4 g6 40.
Rb4 Rd4 41. Rb8 Rd5 42. Rb4 Rd1 43. Ra4 Rf1 44. Rb4 Rh1 45. Ra4 g5 46. hxg5
Kxg5 47. Rb4 h4+ 48. Kf2 f5 49. f4+ exf4 50. Rb8 h3 51. gxh3 Rh2+ 52. Kg1 Ra2
53. Rb4 Re2 54. Ra4 Re4 55. Ra8 Re3 56. Kf2 Rxh3 57. Rg8+ Kf6 58. Rf8+ Ke6 59.
Re8+ Kf7 60. Re5 Kf6 61. Re8 Ra3 62. Rf8+ Ke6 63. Re8+ Kf7 64. Re5 Kf6 65. Re8
Rb3 66. Rf8+ Kg6 67. Rg8+ Kf7 68. Rg5 Kf6 69. Rg8 f3 70. Rg3 Rb2+ 71. Kxf3 Ke5
72. Rg8 Rb3+ 73. Kf2 Kf4 74. Ra8 Rb2+ 75. Kf1 Kg4 76. Ke1 f4 77. Kf1 Kg3 78.
Rg8+ Kf3 79. Ke1 Rb1+ 80. Kd2 Kf2 81. Rf8 f3 82. Kd3 Re1 83. Kd2 Re5 84. Kd3
Kg2 85. Rg8+ Kf1 86. Rf8 f2 87. Kd2 Rg5 88. Kd3 Rg3+ 89. Kd2 Kg1 90. Ke2 Rg2
0-1

[Event "8. Open Sub-20 contra la Droga"]
[Site "Logroño ESP"]
[Date "2007.08.15"]
[Round "3.5"]
[White "Shabanov, Nurlan"]
[Black "Accattato Martin, Mario"]
[Result "0-1"]
[WhiteElo "1793"]
[BlackElo "2129"]
[PlyCount "54"]
[EventDate "2007.08.14"]
[EventType "swiss"]
[EventRounds "8"]
[EventCountry "ESP"]
[Source "lmi"]
[SourceDate "2007.08.14"]

1. d4 d5 2. c4 c6 3. Nf3 Nf6 4. Nc3 g6 5. e3 Bg7 6. Be2 O-O 7. O-O dxc4 8. Bxc4
Bg4 9. h3 Bxf3 10. Qxf3 Nbd7 11. Rd1 e5 12. d5 e4 13. Qe2 cxd5 14. Nxd5 Ne5 15.
Nxf6+ Qxf6 16. Bd5 Qf5 17. Qc2 Rad8 18. Bxb7 Nf3+ 19. gxf3 exf3 20. Qxf5 Rxd1+
21. Kh2 gxf5 22. Bxf3 Re1 23. Bb7 Rd8 24. a4 Rdd1 25. a5 Rxc1 26. Rxc1 Rxc1 27.
b3 Ra1 0-1

[Event "8. Open Sub-20 contra la Droga"]
[Site "Logroño ESP"]
[Date "2007.08.15"]
[Round "3.6"]
[White "Cabanas Jimenez, Manuel"]
[Black "Peñalosa Pinilla, Jesus"]
[Result "1/2-1/2"]
[WhiteElo "2049"]
[BlackElo "2207"]
[PlyCount "143"]
[EventDate "2007.08.14"]
[EventType "swiss"]
[EventRounds "8"]
[EventCountry "ESP"]
[Source "lmi"]
[SourceDate "2007.08.14"]

1. e4 c5 2. Nf3 d6 3. c3 Nf6 4. Be2 g6 5. O-O Bg7 6. Re1 O-O 7. Bf1 Nc6 8. h3
e5 9. d4 Re8 10. dxc5 dxc5 11. Qc2 h6 12. Be3 Qe7 13. Nbd2 Nh5 14. g4 Nf4 15.
Rad1 Be6 16. Nb3 b6 17. Bxf4 exf4 18. Qd2 g5 19. Bb5 Red8 20. Qe2 Ne5 21. Nxe5
Bxe5 22. f3 h5 23. Bc4 Kg7 24. Kg2 Rh8 25. Rh1 Rad8 26. Bxe6 Qxe6 27. Rxd8 Rxd8
28. Rd1 Rxd1 29. Qxd1 Qc4 30. Nc1 hxg4 31. hxg4 Qb5 32. Qb3 Qe8 33. Qd5 Bf6 34.
Qd3 Qh8 35. Ne2 Qh4 36. Qd1 Qh8 37. Qd7 Qb8 38. b3 Qh8 39. Qd1 Qe8 40. c4 Qe5
41. Qc1 a6 42. a4 Qd6 43. Qc2 Qe5 44. Qc1 Kg6 45. Qc2 Kg7 46. Qc1 Qd6 47. Qc2
Kg8 48. Nc3 Qd4 49. Nd5 Be5 50. Ne7+ Kf8 51. Nc6 Qa1 52. Nxe5 Qxe5 53. Qd2 Ke8
54. Kf1 Qa1+ 55. Ke2 Qg1 56. Qd3 Qc1 57. Qd2 Qb1 58. Qd3 Qb2+ 59. Kd1 Ke7 60.
Qc2 Qd4+ 61. Qd2 a5 62. Kc2 Kd6 63. Qd3 Ke5 64. Qc3 Kd6 65. Qd3 Kc6 66. Qc3 Kd6
67. Qd3 Ke6 68. Kd2 Qf2+ 69. Kd1 Ke7 70. Kc1 Qe1+ 71. Kc2 Qa1 72. Qc3 1/2-1/2

[Event "8. Open Sub-20 contra la Droga"]
[Site "Logroño ESP"]
[Date "2007.08.15"]
[Round "3.7"]
[White "Talishzada, Orhan"]
[Black "Elexpe Bastida, Oscar"]
[Result "1/2-1/2"]
[WhiteElo "2114"]
[BlackElo "1623"]
[PlyCount "43"]
[EventDate "2007.08.14"]
[EventType "swiss"]
[EventRounds "8"]
[EventCountry "ESP"]
[Source "lmi"]
[SourceDate "2007.08.14"]

1. e4 c5 2. c3 Nf6 3. e5 Nd5 4. Nf3 e6 5. d4 cxd4 6. cxd4 d6 7. exd6 Qxd6 8.
Nc3 Nxc3 9. bxc3 Nc6 10. Bd3 g6 11. O-O Bg7 12. a4 Ne7 13. Bb5+ Bd7 14. Ba3 Qc7
15. Bxd7+ Qxd7 16. Qb3 O-O 17. Rab1 b6 18. Rfe1 Rfe8 19. Bxe7 Rxe7 20. Ne5 Qc7
21. c4 Rd8 22. Rbd1 1/2-1/2

[Event "8. Open Sub-20 contra la Droga"]
[Site "Logroño ESP"]
[Date "2007.08.15"]
[Round "3.8"]
[White "Diaz Herrero, Alvaro"]
[Black "Anaya Lopez, Gonzalo"]
[Result "1-0"]
[WhiteElo "1951"]
[BlackElo "1724"]
[PlyCount "55"]
[EventDate "2007.08.14"]
[EventType "swiss"]
[EventRounds "8"]
[EventCountry "ESP"]
[Source "lmi"]
[SourceDate "2007.08.14"]

1. e4 e6 2. Nf3 d5 3. Nc3 Nf6 4. e5 Nfd7 5. d4 c5 6. dxc5 Bxc5 7. Bd3 Nc6 8.
Bf4 a6 9. O-O b5 10. a3 Bb7 11. Qe2 Nd4 12. Nxd4 Bxd4 13. Rae1 Qc7 14. Nd1 Rc8
15. c3 Bc5 16. Qg4 Bf8 17. h4 Nc5 18. Bb1 Na4 19. h5 Nxb2 20. Nxb2 Qa5 21. Bd2
Qxa3 22. Nd3 a5 23. Qd4 Rc6 24. Qa7 Bc8 25. Bc2 Qa2 26. Rc1 Ba3 27. Qxa5 O-O
28. Nb4 1-0

[Event "8. Open Sub-20 contra la Droga"]
[Site "Logroño ESP"]
[Date "2007.08.16"]
[Round "4.1"]
[White "Idrisov, Tebriz"]
[Black "Cruz Sanchez, Cristian"]
[Result "1/2-1/2"]
[WhiteElo "2149"]
[BlackElo "2451"]
[PlyCount "65"]
[EventDate "2007.08.14"]
[EventType "swiss"]
[EventRounds "8"]
[EventCountry "ESP"]
[Source "lmi"]
[SourceDate "2007.08.14"]

1. d4 c5 2. d5 e5 3. e4 d6 4. Nc3 g6 5. Bb5+ Nd7 6. a4 a6 7. Be2 Bg7 8. Nf3
Ngf6 9. O-O O-O 10. Nd2 Ne8 11. Nc4 Qe7 12. a5 f5 13. Rb1 Rb8 14. f3 b5 15.
axb6 Nxb6 16. Na5 Bb7 17. Be3 fxe4 18. fxe4 Nf6 19. b3 Rf7 20. Ra1 Rbf8 21. Nc6
Bxc6 22. dxc6 Qc7 23. Rxa6 Qxc6 24. Rxb6 Qxb6 25. Bc4 Kh8 26. Bxf7 Rxf7 27. Nd5
Qb7 28. Nxf6 Bxf6 29. Qxd6 Qxe4 30. Qxc5 Kg7 31. Bc1 Qd4+ 32. Qxd4 exd4 33. Bd2
1/2-1/2

[Event "8. Open Sub-20 contra la Droga"]
[Site "Logroño ESP"]
[Date "2007.08.16"]
[Round "4.2"]
[White "Lariño Nieto, David"]
[Black "Khamrakulov, Dzhurabek"]
[Result "1/2-1/2"]
[WhiteElo "2435"]
[BlackElo "2322"]
[PlyCount "95"]
[EventDate "2007.08.14"]
[EventType "swiss"]
[EventRounds "8"]
[EventCountry "ESP"]
[Source "lmi"]
[SourceDate "2007.08.14"]

1. e4 c5 2. d3 Nc6 3. g3 d5 4. Nd2 Nf6 5. Bg2 e5 6. Ngf3 Be7 7. O-O O-O 8. c3
dxe4 9. dxe4 Qc7 10. Qc2 Rd8 11. Nc4 b6 12. Re1 Bb7 13. Bg5 Ne8 14. Bxe7 Qxe7
15. Ne3 f6 16. Nd5 Qf7 17. Nh4 Ne7 18. Ne3 Nd6 19. b3 g5 20. Nhf5 Nexf5 21.
exf5 Bxg2 22. Kxg2 c4 23. Rad1 Rac8 24. Rd5 cxb3 25. axb3 Nb7 26. Red1 Rxd5 27.
Rxd5 Rd8 28. Rxd8+ Nxd8 29. Qd3 Qb7+ 30. Nd5 Kg7 31. Qe4 Qc6 32. c4 Nf7 33. h4
Qd7 34. hxg5 Nxg5 35. Qc2 e4 36. g4 Qd6 37. Qa2 a5 38. Qd2 Nf3 39. Qf4 Qxf4 40.
Nxf4 Nd2 41. Ne6+ Kh6 42. c5 bxc5 43. Nxc5 Kg5 44. Kg3 Nf1+ 45. Kh3 Nd2 46.
Ne6+ Kh6 47. Nd4 Kg5 48. Ne6+ 1/2-1/2